000 00523nam a2200193Ia 4500
005 20250317124516.0
008 008 250317s9999 xx 000 0 eng d
037 _aTextbook
040 _aFMSL
_beng
_cFMSL
041 _aeng
_2eng
084 _aY(L) L2
_qFMSL
100 _aFreeman H E
_9740256
245 0 _aHandbook of medical sociology
250 _aEd 2
260 _aN J
_bN J, Prentice Hall
_c1972
300 _a598p
942 _cTB
_hY(L) L2
999 _c1255780
_d1255780